| 000 | 00602nam a2200205Ia 4500 | ||
|---|---|---|---|
| 020 | _a974934121X | ||
| 020 | _a9789749341216 | ||
| 040 | _cCUY | ||
| 082 | _a725 KEY 2006 A086 Or. | ||
| 100 | 1 | _aGrant Ross, Helen | |
| 245 | 1 | 0 |
_aBuilding Cambodia : _bnew Khmer architecture, 1953-1970 / |
| 260 |
_aBangkok : _bKey Publishers, _cc2006 |
||
| 300 |
_axxv, 333 p. : _bill. (some col.), maps, plans ; _c19 x 29 cm |
||
| 500 | _a"Supported by the Toyota Foundation." | ||
| 650 | 0 | _aArchitecture, Khmer | |
| 650 | 0 | _aArchitecture | |
| 700 | 1 | _aCollins, Darryl | |
| 710 | 2 | _aToyota Zaidan | |
| 942 | _cEK | ||
| 999 |
_c13103 _d13103 |
||